00541nam a2200145 a 450000100100000000500170001000800410002704000250006824500840009326000670017730000200024404900090026495201050027399900170037800003166220200930063103.0110629s1986 dr 000 0 spa d aDO-SdBNPbspacBNPHU00aRetiro sobre la pasión, muerte y resurrección de cristo (misterio pascual). aLa Vega, República Dominicana :bObispado de La Vega,c1986. a19 p. :b22 cm. aBNPD 0010718PDaPDbPDcCTd2011-06-29iLF1l0o p31662-10r2020-06-25w2020-06-25yLFPDZNo se presta c31154d31154